000 00244nam a2200097Ia 4500
001 704846
005 20250826162418.0
008 250824s9999 xx 000 0 und d
245 0 _aGÜLİSTAN
_cŞİRAZLI ŞEYH SA Dİ
260 _bKÜLTÜR YAYINLARI
999 _c704846
_d704846